000 00509nam a22001817a 4500
003 OSt
005 20140310181753.0
008 130628t xxu||||| |||| 00| 0 eng d
020 _a9712710238
050 _aPL 5546
_b.F363 2000
082 _aFIL 899.2103
_bF39 1994
100 _aCordero-Fernando, Gilda
245 _aStory collection /
_cGilda Cordero-Fernando.
260 _aPasig City, Philippines :
_bAnvil Publishing, Inc.,
_c2000.
300 _a276 p. :
_c22 cm.
942 _2lcc
_cBK
999 _c3332
_d3332